| 000 | 00661nam a2200205 u 4500 | ||
|---|---|---|---|
| 005 | 20221125063734.0 | ||
| 008 | 130211s2010 es r 000 0 spa d | ||
| 020 | _a9788478278978 | ||
| 035 | _aUPN01000189513 | ||
| 049 | _aCG | ||
| 050 | 4 |
_aBC177 _bA4.2 |
|
| 100 | 1 |
_aAleixandre, Marilar, _d1947- _933112 |
|
| 245 | 1 | 0 |
_a10 ideas clave : _bcompetencias en argumentación y uso de pruebas / _cMaría Pilar Jiménez Aleixandre. |
| 260 |
_aBarcelona, Esp. : _bGraó, _c2010. |
||
| 300 |
_a200 p. : _bcuadros |
||
| 440 | 0 |
_aIdeas clave ; _v12. _pDidáctica/Diseño y desarrollo curricular |
|
| 650 | 2 |
_aArgumentación _97841 |
|
| 905 | _aLibro | ||
| 999 |
_c161616 _d161616 |
||